000 01152nam a22002295i 4500
001 162107
003 ES-MaACL
005 20251109125543.0
008 990316s1837 sp af |||| | spa d
040 _aCCPB | B
_bspa
_cCCPB | B
100 1 _aPiélago, Celestino del,
_d1792-1880
_9131192
245 1 0 _aTeoría mecánica de las construcciones, para los estudios de la Academia Especial de Ingenieros
_b: sacada de las obras de M. Navier y de varios autores : comprende la resistencia de los cuerpos que sirven de materiales, y la descripcion y establecimiento de las construcciones de tierra, de piedra, de madera y de hierro /
_cpor Celestino del Piélago.
260 _aMadrid :
_b[s.n.],
_c1837 (
_fImprenta de Manuel de Burgos)
300 _aXL, 440 p., IX h. de lám. pleg. ;
_c22 cm.
599 _aLas h. de lám.: "P. y L. Maré g.\pon\s"
600 1 7 _aNavier, Louis Marie Henri,
_d1785-1836-
_xCrítica e interpretación
_2
_9130426
650 0 7 _aIngeniería
_2embne
_913767
650 4 _aConstrucción.
_911295
752 _aEspaña -
_dMadrid
852 _aES-MaACL
_jF-5035
_z- Enc. pasta española
999 _c162107
_d162107